Techniques of vacuum ultraviolet spectroscopy (Record no. 3063)

MARC details
000 -LEADER
fixed length control field 00655nam a2200205Ia 4500
003 - CONTROL NUMBER IDENTIFIER
control field IN-BaIIA
008 - FIXED-LENGTH DATA ELEMENTS--GENERAL INFORMATION
fixed length control field 211028s9999 xx 000 0 eng d
040 ## - CATALOGING SOURCE
Transcribing agency IIA Library
080 ## - UNIVERSAL DECIMAL CLASSIFICATION NUMBER
Universal Decimal Classification number 535.33
Item number SAM
100 ## - MAIN ENTRY--PERSONAL NAME
Personal name Samson, James A.
9 (RLIN) 5446
245 #0 - TITLE STATEMENT
Title Techniques of vacuum ultraviolet spectroscopy
Statement of responsibility, etc. James A. Samson
260 ## - PUBLICATION, DISTRIBUTION, ETC.
Place of publication, distribution, etc. New York
Name of publisher, distributor, etc. Wiley
Date of publication, distribution, etc. 1967
300 ## - PHYSICAL DESCRIPTION
Extent x, 348p.
490 ## - SERIES STATEMENT
Series statement Wiley series in pure and applied spectroscopy
650 ## - SUBJECT ADDED ENTRY--TOPICAL TERM
Topical term or geographic name entry element NASA Thesaurus
650 ## - SUBJECT ADDED ENTRY--TOPICAL TERM
Topical term or geographic name entry element Ultraviolet Radiation
9 (RLIN) 2770
650 ## - SUBJECT ADDED ENTRY--TOPICAL TERM
Topical term or geographic name entry element Ultraviolet Spectroscopy
9 (RLIN) 5447
650 ## - SUBJECT ADDED ENTRY--TOPICAL TERM
Topical term or geographic name entry element Vacuum Spectroscopy
9 (RLIN) 5448
942 ## - ADDED ENTRY ELEMENTS (KOHA)
Koha item type Books
Holdings
Withdrawn status Lost status Damaged status Not for loan Home library Current library Shelving location Date acquired Cost, normal purchase price Total Checkouts Full call number Barcode Date last seen Date last checked out Cost, replacement price Price effective from Koha item type Purchase Price
        IIA Library-Bangalore IIA Library-Bangalore General Stacks 15/07/1968 94.16 1 535.33/ SAM 3406 22/10/2024 28/08/2024 94.16 15/07/1968 Books Rs. 94.16

Powered by Koha